SIGARCH Computer architecture news

Salvato in:
Dettagli Bibliografici
Natura: Periodico
Pubblicazione: 1992
Tags: Aggiungi Tag
Nessun Tag, puoi essere il primo ad aggiungerne!!

MARC

LEADER 00000nas a22000003a 4500
001 stu69943
005 20141122000817.7
008 011106s1992----------------------------d
040 |a STU  |b slo 
041 0
245 |a SIGARCH Computer architecture news 
260 |c 1992 
500 |a 1992 
500 |a 5 
500 |a 1-5 
773 0 |t SIGARCH Computer architecture news /  |w stu_us_cat*stu59576  |x 0163-5964  |7 nnas 
996 |d Vol. 20, 1992  |v Vol. 20  |y 1992  |l EE0103  |s A  |a 24  |w stu69943_0001